[Event "Budapest-chT1 Lilienthal 1718"]
[Site "Budapest"]
[Date "2018.01.21"]
[Round "7"]
[White "Radnai, Tamas"]
[Black "Gelle, Istvan"]
[Result "0-1"]
[WhiteElo "2035"]
[BlackElo "2307"]
[PlyCount "62"]
[EventDate "2017.10.01"]
[EventType "team-tourn"]
[EventRounds "13"]
[EventCountry "HUN"]
[SourceTitle "EXT 2021"]
[Source "ChessBase"]
[SourceDate "2020.10.23"]
[SourceVersion "1"]
[SourceVersionDate "2020.10.23"]
[SourceQuality "1"]
[WhiteTeam "Csepel"]
[BlackTeam "Fabulon"]
[WhiteTeamCountry "HUN"]
[BlackTeamCountry "HUN"]

1. d4 d5 2. c4 c6 3. Nf3 Nf6 4. e3 Bf5 5. Nc3 e6 6. Be2 h6 7. Ne5 Nbd7 8. f4 Be7 9. 0-0 0-0 10. Bf3 a5 11. c5 Bh7 12. Bd2 Qc7 13. a3 b5 14. b4 Ra7 15. Na2 axb4 16. Nxb4 Nxe5 17. fxe5 Ne4 18. Be1 Rfa8 19. Qc1 Qd7 20. Bh5 f6 21. Bh4 g5 22. exf6 Nxf6 23. Rxf6 Bxf6 24. Bg3 Kg7 25. Bd6 Be4 26. h4 gxh4 27. Qd1 Rxa3 28. Qg4+ Kh7 29. Rxa3 Rxa3 30. Nxc6 Ra2 31. Ne5 Bxe5 0-1

[Event "Budapest-chT1 Lilienthal 1314"]
[Site "Budapest"]
[Date "2013.09.29"]
[Round "1"]
[White "Radnai, Tamas"]
[Black "Pal, Mihaly"]
[Result "0-1"]
[WhiteElo "2014"]
[BlackElo "2055"]
[PlyCount "40"]
[EventDate "2013.09.29"]
[EventType "team-tourn"]
[EventRounds "11"]
[EventCountry "HUN"]
[SourceTitle "EXT 2021"]
[Source "ChessBase"]
[SourceDate "2020.10.23"]
[SourceVersion "1"]
[SourceVersionDate "2020.10.23"]
[SourceQuality "1"]
[WhiteTeam "Csepel"]
[BlackTeam "Sarkany II"]
[WhiteTeamCountry "HUN"]
[BlackTeamCountry "HUN"]

1. d4 Nf6 2. c4 e6 3. Nf3 Bb4+ 4. Bd2 c5 5. e3 0-0 6. Bd3 d5 7. 0-0 Nc6 8. a3 Bxd2 9. Nbxd2 cxd4 10. Nxd4 Nxd4 11. exd4 Qb6 12. Nb3 dxc4 13. Bxc4 Rd8 14. Qd3 e5 15. Rfd1 Bg4 16. Rd2 Rac8 17. f3 Bh5 18. Qc3 Nd5 19. Qd3 Bg6 20. Qe2 Nf4 0-1

[Event "HUN-chT2 Erkel 1011"]
[Site "Hungary"]
[Date "2010.11.07"]
[Round "5.5"]
[White "Lovas, Zsolt"]
[Black "Radnai, Tamas"]
[Result "1-0"]
[WhiteElo "2039"]
[BlackElo "2057"]
[PlyCount "59"]
[EventDate "2010.09.12"]
[EventType "team-tourn"]
[EventRounds "11"]
[EventCountry "HUN"]
[SourceTitle "EXT 2012"]
[Source "ChessBase"]
[SourceDate "2011.11.24"]
[SourceVersion "1"]
[SourceVersionDate "2011.11.24"]
[SourceQuality "1"]
[WhiteTeam "Honved"]
[BlackTeam "Dunaharaszti II"]
[WhiteTeamCountry "HUN"]
[BlackTeamCountry "HUN"]

1. e4 e6 2. d4 d5 3. Nc3 Nf6 4. e5 Nfd7 5. Nf3 c5 6. Bb5 Nc6 7. Bxc6 bxc6 8. 0-0 cxd4 9. Qxd4 f6 10. exf6 Qxf6 11. Bg5 Qxd4 12. Nxd4 Nb8 13. Rfe1 Kf7 14. Re3 Bd6 15. Rae1 h6 16. Rf3+ Kg6 17. Bf4 Bxf4 18. Rxf4 Re8 19. Re5 Bd7 20. h4 a6 21. Na4 Ra7 22. Nc5 Bc8 23. h5+ Kh7 24. Rf3 Rae7 25. Rfe3 Kg8 26. Nf5 Ra7 27. Nd6 Rd8 28. Nxc8 Rxc8 29. Rxe6 a5 30. Re8+ 1-0

[Event "HUN-chT2 Breyer 0809"]
[Site "Hungary"]
[Date "2009.03.08"]
[Round "9"]
[White "Radnai, Tamas"]
[Black "Bottyan, Peter"]
[Result "0-1"]
[WhiteElo "2067"]
[BlackElo "2192"]
[PlyCount "102"]
[EventDate "2008.10.26"]
[EventType "team-tourn"]
[EventRounds "11"]
[EventCountry "HUN"]
[SourceTitle "EXT 2010"]
[Source "ChessBase"]
[SourceDate "2010.11.25"]
[SourceVersion "1"]
[SourceVersionDate "2010.11.25"]
[SourceQuality "1"]
[WhiteTeam "Dunaharaszti II"]
[BlackTeam "Kisber Aszar"]
[WhiteTeamCountry "HUN"]
[BlackTeamCountry "HUN"]

1. d4 g6 2. c4 Bg7 3. Nf3 d6 4. g3 Nd7 5. Bg2 e5 6. d5 Ne7 7. e4 Nc5 8. Nc3 a5 9. 0-0 Bg4 10. h3 Bd7 11. Be3 0-0 12. a3 a4 13. Bxc5 dxc5 14. b4 axb3 15. Qxb3 b6 16. a4 Nc8 17. Nb5 Bxb5 18. axb5 Nd6 19. Nd2 Qe7 20. Ra3 Bh6 21. f4 exf4 22. gxf4 Qh4 23. Rxa8 Rxa8 24. Qf3 Ra2 25. Rf2 Qxf4 26. Qxf4 Bxf4 27. Rxf4 Rxd2 28. e5 Nf5 29. Re4 Kf8 30. e6 Rd4 31. exf7 Kxf7 32. Re6 Nd6 33. Bf1 Re4 34. Rxe4 Nxe4 35. Bd3 Nd6 36. Kf2 Kf6 37. Ke3 Ke5 38. Be2 Nf5+ 39. Kd3 Kf4 40. Bf1 h5 41. Kd2 Ke4 42. Kc3 Ke3 43. Bd3 Kf3 44. Kd2 Kg2 45. Ke2 Kg3 46. Bb1 h4 47. Bd3 Kf4 48. Kd2 g5 49. Be2 Ne3 50. Kd3 g4 51. hxg4 h3 0-1

[Event "HUN-chT2 Breyer 0809"]
[Site "Hungary"]
[Date "2009.01.25"]
[Round "6"]
[White "Bartha, Sandor"]
[Black "Radnai, Tamas"]
[Result "1/2-1/2"]
[WhiteElo "2161"]
[BlackElo "2067"]
[PlyCount "146"]
[EventDate "2008.10.26"]
[EventType "team-tourn"]
[EventRounds "11"]
[EventCountry "HUN"]
[SourceTitle "EXT 2010"]
[Source "ChessBase"]
[SourceDate "2010.11.25"]
[SourceVersion "1"]
[SourceVersionDate "2010.11.25"]
[SourceQuality "1"]
[WhiteTeam "Balatonfuered"]
[BlackTeam "Dunaharaszti II"]
[WhiteTeamCountry "HUN"]
[BlackTeamCountry "HUN"]

1. d4 c5 2. c3 e6 3. Nf3 Nf6 4. Bg5 d5 5. Bxf6 Qxf6 6. e3 Bd6 7. Be2 0-0 8. 0-0 Nc6 9. Nbd2 e5 10. dxe5 Nxe5 11. Nxe5 Qxe5 12. g3 Bd7 13. Bf3 Bc6 14. Bg2 Rfd8 15. Qc2 Bc7 16. Rad1 Rd6 17. c4 d4 18. Bxc6 bxc6 19. e4 d3 20. Qc3 Qxc3 21. bxc3 Ba5 22. Rc1 g6 23. Rfd1 Re8 24. f4 f6 25. Kf2 g5 26. Ke3 Rd7 27. Nb3 Bc7 28. Kf3 Rde7 29. Nd2 gxf4 30. gxf4 Kf7 31. Re1 Rd7 32. Re3 Ba5 33. Nb3 Bxc3 34. Nxc5 Rd4 35. Rxd3 Rxd3+ 36. Nxd3 Bd4 37. c5 Rb8 38. Rc4 Bg1 39. h3 Rb5 40. f5 Rb1 41. Rc2 Bd4 42. Rc4 Bg1 43. Ke2 Kg7 44. Kd2 Kh6 45. Kc2 Rf1 46. Ra4 Rf3 47. Rxa7 Rxh3 48. a4 Bd4 49. Rd7 Be5 50. a5 Re3 51. Nxe5 fxe5 52. Rd6+ Kg5 53. Rxc6 Rxe4 54. f6 Kg6 55. Kb3 Re1 56. Kc4 h5 57. Kd5 h4 58. Ke6 h3 59. Ke7 Rf1 60. Rc8 Kh7 61. c6 h2 62. a6 h1Q 63. a7 Ra1 64. a8Q Rxa8 65. Rxa8 Qxc6 66. Rd8 e4 67. f7 Qc7+ 68. Ke8 Qe5+ 69. Kd7 Qf5+ 70. Ke7 Qe5+ 71. Kd7 Qd5+ 72. Ke7 Qc5+ 73. Ke6 Qc4+ 1/2-1/2

[Event "HUN-chT2 Charousek 0708"]
[Site "Hungary"]
[Date "2008.03.02"]
[Round "7"]
[White "Radnai, Tamas"]
[Black "Valis, Janos"]
[Result "1/2-1/2"]
[WhiteElo "2046"]
[BlackElo "2149"]
[PlyCount "92"]
[EventDate "2007.10.14"]
[EventType "team"]
[EventRounds "11"]
[EventCountry "HUN"]
[SourceTitle "EXT 2009"]
[Source "ChessBase"]
[SourceDate "2008.11.26"]
[SourceVersion "1"]
[SourceVersionDate "2008.11.26"]
[SourceQuality "1"]
[WhiteTeam "Dunaharaszti"]
[BlackTeam "Husi"]
[WhiteTeamCountry "HUN"]
[BlackTeamCountry "HUN"]

1. d4 Nf6 2. c4 g6 3. Nf3 Bg7 4. g3 0-0 5. Bg2 d6 6. 0-0 Nc6 7. d5 Na5 8. Nfd2 c5 9. a3 Qc7 10. Qc2 b6 11. b4 cxb4 12. axb4 Nb7 13. Bb2 Bd7 14. Nb3 a5 15. bxa5 Nxa5 16. N1d2 Rac8 17. Rfc1 e5 18. Ra2 Bh6 19. e3 Nh5 20. Qc3 Nb7 21. Rca1 Nc5 22. Ra7 Qd8 23. Nxc5 bxc5 24. Qa5 Rb8 25. Bc3 Bf5 26. Qc7 Bg5 27. R1a6 Qxc7 28. Rxc7 Bd8 29. Rcc6 Be7 30. Ra7 Rfe8 31. h3 Bd3 32. f4 Nxg3 33. Bf3 f6 34. Rcc7 Kf8 35. fxe5 fxe5 36. e4 h5 37. Kf2 h4 38. Rd7 Bc2 39. Bg2 Nh5 40. Ke3 Bg5+ 41. Kf2 Bf4 42. Bf3 Bg3+ 43. Kg1 Ra8 44. Rab7 Reb8 45. Rbc7 Rc8 46. Rb7 Rcb8 1/2-1/2

[Event "HUN-chT2 Charousek 0708"]
[Site "Hungary"]
[Date "2007.12.16"]
[Round "5"]
[White "Radnai, Tamas"]
[Black "Labancz, Matyas"]
[Result "1-0"]
[WhiteElo "2046"]
[BlackElo "1519"]
[PlyCount "71"]
[EventDate "2007.10.14"]
[EventType "team"]
[EventRounds "11"]
[EventCountry "HUN"]
[SourceTitle "EXT 2009"]
[Source "ChessBase"]
[SourceDate "2008.11.26"]
[SourceVersion "1"]
[SourceVersionDate "2008.11.26"]
[SourceQuality "1"]
[WhiteTeam "Dunaharaszti"]
[BlackTeam "Vizugy"]
[WhiteTeamCountry "HUN"]
[BlackTeamCountry "HUN"]

1. d4 d5 2. c4 c6 3. Nf3 Nf6 4. e3 Bf5 5. Nc3 e6 6. Be2 Ne4 7. cxd5 exd5 8. 0-0 Bd6 9. Nd2 Nxd2 10. Bxd2 0-0 11. f3 Re8 12. e4 dxe4 13. fxe4 Bxe4 14. Nxe4 Rxe4 15. Qb3 Nd7 16. Rxf7 Kh8 17. Qxb7 Bc7 18. Bf3 Rxd4 19. Bc3 Rb8 20. Qxc6 Rb6 21. Qa8 Rb8 22. Qc6 Rb6 23. Bxd4 Rxc6 24. Bxc6 Nf6 25. Bxf6 gxf6 26. Re1 Be5 27. Bf3 Kg8 28. Rb7 Qa5 29. Rd1 Bd6 30. Bd5+ Kh8 31. b4 Qd8 32. Kh1 Qf8 33. Be4 Qh6 34. Rxh7+ Qxh7 35. Bxh7 Kxh7 36. Rxd6 1-0

[Event "HUN-chT2 Charousek 0708"]
[Site "Hungary"]
[Date "2007.12.09"]
[Round "4"]
[White "Radnai, Tamas"]
[Black "Nemeth, Maria"]
[Result "1-0"]
[WhiteElo "2046"]
[BlackElo "2084"]
[PlyCount "63"]
[EventDate "2007.10.14"]
[EventType "team"]
[EventRounds "11"]
[EventCountry "HUN"]
[SourceTitle "EXT 2009"]
[Source "ChessBase"]
[SourceDate "2008.11.26"]
[SourceVersion "1"]
[SourceVersionDate "2008.11.26"]
[SourceQuality "1"]
[WhiteTeam "Dunaharaszti"]
[BlackTeam "Lovo"]
[WhiteTeamCountry "HUN"]
[BlackTeamCountry "HUN"]

1. d4 d5 2. c4 c6 3. Nf3 Nf6 4. e3 a6 5. Bd3 b5 6. c5 Bg4 7. Nbd2 e5 8. dxe5 Nfd7 9. Be2 Bxc5 10. a4 0-0 11. axb5 cxb5 12. h3 Bxf3 13. Nxf3 Bb4+ 14. Bd2 Nc6 15. 0-0 Qe7 16. Rc1 Rfc8 17. Rxc6 Rxc6 18. Bxb4 Qxb4 19. Qxd5 Rcc8 20. Qxd7 Rd8 21. Qc6 Qxb2 22. Nd4 b4 23. Bxa6 Qa3 24. Bc4 Rac8 25. Bxf7+ Kxf7 26. Qe6+ Kf8 27. Nc6 Rxc6 28. Qxc6 b3 29. e6 b2 30. Qf3+ Kg8 31. Qf7+ Kh8 32. e7 1-0

[Event "HUN-chT2 Maroczy 0607"]
[Site "Hungary"]
[Date "2007.03.25"]
[Round "7"]
[White "Radnai, Tamas"]
[Black "Hazir, Barbara"]
[Result "1-0"]
[WhiteElo "2054"]
[BlackElo "1767"]
[PlyCount "39"]
[EventDate "2006.11.12"]
[EventType "team"]
[EventRounds "11"]
[EventCountry "HUN"]
[SourceTitle "EXT 2008"]
[Source "ChessBase"]
[SourceDate "2007.11.25"]
[SourceVersion "1"]
[SourceVersionDate "2007.11.25"]
[SourceQuality "1"]
[WhiteTeam "Dunaharaszti"]
[BlackTeam "Miskolc EMSE"]
[WhiteTeamCountry "HUN"]
[BlackTeamCountry "HUN"]

1. d4 d5 2. c4 e6 3. Nc3 c6 4. Nf3 dxc4 5. e3 b5 6. a4 Bb4 7. Bd2 Qb6 8. Ne4 Be7 9. Ne5 Nf6 10. Nxf6+ Bxf6 11. axb5 cxb5 12. Bb4 Na6 13. Ba5 Qb7 14. Be2 Qe7 15. b3 Bb7 16. 0-0 Nc7 17. bxc4 Bxe5 18. dxe5 bxc4 19. Qa4+ Kf8 20. Bb4 1-0

[Event "HUN-chT2 Maroczy 0607"]
[Site "Hungary"]
[Date "2006.12.17"]
[Round "4"]
[White "Labancz, Matyas"]
[Black "Radnai, Tamas"]
[Result "0-1"]
[WhiteElo "1546"]
[BlackElo "2054"]
[PlyCount "64"]
[EventDate "2006.11.12"]
[EventType "team"]
[EventRounds "11"]
[EventCountry "HUN"]
[SourceTitle "EXT 2008"]
[Source "ChessBase"]
[SourceDate "2007.11.25"]
[SourceVersion "1"]
[SourceVersionDate "2007.11.25"]
[SourceQuality "1"]
[WhiteTeam "Vizugy"]
[BlackTeam "Dunaharaszti"]
[WhiteTeamCountry "HUN"]
[BlackTeamCountry "HUN"]

1. e4 e6 2. d4 d5 3. e5 c5 4. c3 Nc6 5. Nf3 Nge7 6. Bd3 cxd4 7. cxd4 Nf5 8. Bxf5 exf5 9. Nc3 Be7 10. 0-0 g5 11. a3 Be6 12. b4 Rc8 13. Bb2 f4 14. Na4 b6 15. Rc1 Qd7 16. Nc3 h5 17. b5 Na5 18. Nd2 g4 19. a4 f3 20. g3 h4 21. Na2 Bf5 22. Rxc8+ Qxc8 23. Qc1 Qe6 24. Ba3 Bd8 25. Nb4 Qh6 26. Nb1 Qh7 27. Qf4 hxg3 28. Qxg3 Bxb1 29. Nxd5 Nc4 30. Nf6+ Bxf6 31. exf6 Kd7 32. Qxg4+ Bf5 0-1

[Event "HUN-chT2 Maroczy 0607"]
[Site "Hungary"]
[Date "2006.12.03"]
[Round "3"]
[White "Radnai, Tamas"]
[Black "Tanacs, Anna"]
[Result "0-1"]
[WhiteElo "2054"]
[BlackElo "1882"]
[PlyCount "70"]
[EventDate "2006.11.12"]
[EventType "team"]
[EventRounds "11"]
[EventCountry "HUN"]
[SourceTitle "EXT 2008"]
[Source "ChessBase"]
[SourceDate "2007.11.25"]
[SourceVersion "1"]
[SourceVersionDate "2007.11.25"]
[SourceQuality "1"]
[WhiteTeam "Dunaharaszti"]
[BlackTeam "Maroczy"]
[WhiteTeamCountry "HUN"]
[BlackTeamCountry "HUN"]

1. d4 Nf6 2. c4 e6 3. Nf3 d5 4. Nc3 Bb4 5. Bg5 0-0 6. e3 Nbd7 7. Bd3 c5 8. 0-0 cxd4 9. exd4 dxc4 10. Bxc4 Nb6 11. Be2 Be7 12. Ne5 Nbd5 13. Qb3 Qb6 14. Qxb6 Nxb6 15. Bf3 Rd8 16. Rfd1 Nbd5 17. Rac1 h6 18. Bh4 g5 19. Bg3 Bd6 20. Rd2 a6 21. Na4 Bd7 22. Nxd7 Rxd7 23. Be5 g4 24. Bxd5 Nxd5 25. Nc5 Bxe5 26. Nxd7 Bf4 27. Rdc2 Bxc1 28. Rxc1 Rd8 29. Ne5 h5 30. g3 Kg7 31. a3 f6 32. Nd3 Kf7 33. Nc5 Rc8 34. Re1 b6 35. Nxe6 Re8 0-1

[Event "HUN-ch U16"]
[Site "Balatonlelle"]
[Date "2005.07.07"]
[Round "9"]
[White "Radnai, Tamas"]
[Black "Takacs, Gergo"]
[Result "0-1"]
[WhiteElo "2084"]
[BlackElo "2050"]
[PlyCount "68"]
[EventDate "2005.06.29"]
[EventType "swiss"]
[EventRounds "9"]
[EventCountry "HUN"]
[SourceTitle "EXT 2008"]
[Source "ChessBase"]
[SourceDate "2007.11.25"]
[SourceVersion "1"]
[SourceVersionDate "2007.11.25"]
[SourceQuality "1"]

1. d4 d5 2. Nf3 Nc6 3. c3 Bg4 4. Bf4 e6 5. e3 Bd6 6. Bxd6 Qxd6 7. Be2 Nf6 8. h3 Bxf3 9. Bxf3 e5 10. dxe5 Nxe5 11. Be2 Ne4 12. Nd2 Qg6 13. 0-0 0-0-0 14. Nf3 Nxf3+ 15. Bxf3 h5 16. Qd4 Kb8 17. c4 Ng5 18. Bxd5 Nf3+ 19. Bxf3 Rxd4 20. exd4 Re8 21. d5 h4 22. c5 f5 23. c6 Qd6 24. Rfe1 Rxe1+ 25. Rxe1 bxc6 26. Re8+ Kb7 27. dxc6+ Kb6 28. Rb8+ Kc5 29. a4 Qf4 30. Rb5+ Kd6 31. Ra5 g5 32. Rxa7 g4 33. hxg4 fxg4 34. Be2 g3 0-1

[Event "HUN-ch U16"]
[Site "Balatonlelle"]
[Date "2005.07.06"]
[Round "8"]
[White "Katona, Ferenc Jr"]
[Black "Radnai, Tamas"]
[Result "1-0"]
[WhiteElo "1826"]
[BlackElo "2084"]
[PlyCount "101"]
[EventDate "2005.06.29"]
[EventType "swiss"]
[EventRounds "9"]
[EventCountry "HUN"]
[SourceTitle "EXT 2008"]
[Source "ChessBase"]
[SourceDate "2007.11.25"]
[SourceVersion "1"]
[SourceVersionDate "2007.11.25"]
[SourceQuality "1"]

1. f4 Nf6 2. d4 b6 3. e3 e6 4. Nf3 c5 5. c3 Be7 6. Bd3 Ba6 7. 0-0 0-0 8. Bxa6 Nxa6 9. Qe2 Nc7 10. Nbd2 Nce8 11. Ne5 Qc7 12. Ng4 Nxg4 13. Qxg4 f5 14. Qe2 Nf6 15. Nf3 Ne4 16. Bd2 c4 17. Rfc1 d5 18. Be1 b5 19. Nd2 a5 20. Nxe4 fxe4 21. a3 Rfb8 22. Qd1 Ra6 23. Ra2 Rab6 24. Rca1 Qd7 25. Qg4 Bf8 26. h4 Qf7 27. Kh2 Qf5 28. Qxf5 exf5 29. Kh3 Kf7 30. g4 fxg4+ 31. Kxg4 Rg6+ 32. Kh3 Be7 33. Bg3 Rbb6 34. Rf1 b4 35. axb4 axb4 36. Rfa1 Rgf6 37. Ra7 b3 38. R1a5 Rf5 39. Rd7 Rd6 40. Rxd6 Bxd6 41. Kg4 g6 42. Ra7+ Be7 43. Be1 Rf6 44. h5 Ke6 45. Bh4 gxh5+ 46. Kxh5 Rf5+ 47. Kg4 Bd6 48. Rxh7 Rf7 49. f5+ Rxf5 50. Rh6+ Kd7 51. Rxd6+ 1-0

[Event "HUN-ch U16"]
[Site "Balatonlelle"]
[Date "2005.07.01"]
[Round "3"]
[White "Radnai, Tamas"]
[Black "Toth, David Jozsef"]
[Result "1/2-1/2"]
[WhiteElo "2084"]
[BlackElo "1924"]
[PlyCount "86"]
[EventDate "2005.06.29"]
[EventType "swiss"]
[EventRounds "9"]
[EventCountry "HUN"]
[SourceTitle "EXT 2008"]
[Source "ChessBase"]
[SourceDate "2007.11.25"]
[SourceVersion "1"]
[SourceVersionDate "2007.11.25"]
[SourceQuality "1"]

1. d4 d5 2. Nf3 Nf6 3. c3 e6 4. Bg5 Be7 5. e3 0-0 6. Nbd2 b6 7. Bd3 Ba6 8. Bxa6 Nxa6 9. Ne5 c5 10. Nc6 Qc7 11. Nxe7+ Qxe7 12. Nf3 Nb8 13. Ne5 Nbd7 14. Nxd7 Qxd7 15. Bxf6 gxf6 16. Qf3 f5 17. 0-0-0 c4 18. Rdg1 f6 19. g4 fxg4 20. Rxg4+ Kh8 21. Rhg1 Qf7 22. Kd2 Rg8 23. b4 Rxg4 24. Qxg4 Rg8 25. Qxg8+ Qxg8 26. Rxg8+ Kxg8 27. Ke2 Kg7 28. Kf3 e5 29. Kg4 Kg6 30. b5 exd4 31. exd4 f5+ 32. Kf4 Kf6 33. h3 Ke6 34. h4 Kf6 35. h5 Ke6 36. Ke3 Kf6 37. f4 Ke6 38. Kd2 Kd6 39. Kc2 Ke6 40. a4 Kd6 41. Kb2 Ke6 42. a5 Kd6 43. Ka3 Ke6 1/2-1/2

[Event "HUN-ch U16"]
[Site "Balatonlelle"]
[Date "2005.06.30"]
[Round "2"]
[White "Szabo, Krisztian"]
[Black "Radnai, Tamas"]
[Result "1-0"]
[WhiteElo "2376"]
[BlackElo "2084"]
[PlyCount "91"]
[EventDate "2005.06.29"]
[EventType "swiss"]
[EventRounds "9"]
[EventCountry "HUN"]
[SourceTitle "EXT 2008"]
[Source "ChessBase"]
[SourceDate "2007.11.25"]
[SourceVersion "1"]
[SourceVersionDate "2007.11.25"]
[SourceQuality "1"]

1. e4 e6 2. d4 d5 3. Nc3 Nf6 4. Bg5 dxe4 5. Nxe4 Be7 6. Bxf6 Bxf6 7. Nf3 Nd7 8. Qd2 b6 9. 0-0-0 Bb7 10. Bd3 Qe7 11. g4 h6 12. h4 g6 13. g5 Bg7 14. Qf4 0-0-0 15. Rhe1 e5 16. dxe5 Nxe5 17. Nf6 Bxf6 18. gxf6 Nxd3+ 19. Rxd3 Qc5 20. Ne5 Rxd3 21. Nxd3 Qd6 22. Re7 Qxf4+ 23. Nxf4 g5 24. hxg5 hxg5 25. Nd3 Bd5 26. Nb4 Be6 27. Nc6 Rh6 28. Nxa7+ Kb8 29. Nc6+ Kc8 30. Na7+ Kb8 31. Nb5 c6 32. Nd4 Rxf6 33. Nxc6+ Kc8 34. Nd4 Rxf2 35. Nxe6 fxe6 36. Rxe6 g4 37. Rg6 Rg2 38. Rxb6 g3 39. Rg6 Rg1+ 40. Kd2 g2 41. Kc3 Kb7 42. a4 Ka7 43. a5 Kb7 44. a6+ Ka7 45. b4 Kb8 46. Rg7 1-0

[Event "HUN-chT2 Maroczy 0405"]
[Site "Hungary"]
[Date "2004.12.19"]
[Round "5"]
[White "Balsai, Nikolett"]
[Black "Radnai, Tamas"]
[Result "1/2-1/2"]
[WhiteElo "1970"]
[BlackElo "2066"]
[PlyCount "92"]
[EventDate "2004.09.26"]
[EventType "team"]
[EventRounds "11"]
[EventCountry "HUN"]
[SourceTitle "EXT 2008"]
[Source "ChessBase"]
[SourceDate "2007.11.25"]
[SourceVersion "1"]
[SourceVersionDate "2007.11.25"]
[SourceQuality "1"]
[WhiteTeam "Sarospatak"]
[BlackTeam "Dunaharaszti"]
[WhiteTeamCountry "HUN"]
[BlackTeamCountry "HUN"]

1. e4 e6 2. d4 d5 3. exd5 exd5 4. Bd3 Bd6 5. c3 c6 6. Qe2+ Ne7 7. Bg5 f6 8. Be3 0-0 9. Nf3 Bf5 10. 0-0 Qd7 11. Bxf5 Qxf5 12. Nbd2 Ng6 13. h3 Re8 14. Nh2 Qc2 15. Rab1 Bf4 16. Rfc1 Qa4 17. Ndf1 Qxa2 18. Ra1 Qb3 19. Qd2 Bc7 20. Ra3 Qb5 21. Rca1 a5 22. Nf3 Nd7 23. h4 Nb6 24. Qc2 Nc4 25. R3a2 b6 26. Re1 Re7 27. h5 Nxe3 28. Rxe3 Rxe3 29. Nxe3 Nf4 30. h6 g6 31. g3 Ne6 32. Nh4 Nf8 33. Ng4 Kf7 34. Qd1 Re8 35. Qf3 Re6 36. Kg2 Qe2 37. Ne5+ Rxe5 38. dxe5 Qxf3+ 39. Kxf3 fxe5 40. Ra1 Bd6 41. Ke2 Kf6 42. Nf3 Ne6 43. Rf1 Ng5 44. Nxg5 Kxg5 45. Rh1 Kf5 46. Kf3 g5 1/2-1/2

[Event "HUN-ch U16"]
[Site "Miskolc"]
[Date "2004.07.13"]
[Round "9"]
[White "Radnai, Tamas"]
[Black "Radnai, Adam"]
[Result "0-1"]
[WhiteElo "2066"]
[BlackElo "2165"]
[PlyCount "96"]
[EventDate "2004.07.05"]
[EventType "swiss"]
[EventRounds "9"]
[EventCountry "HUN"]
[SourceTitle "EXT 2008"]
[Source "ChessBase"]
[SourceDate "2007.11.25"]
[SourceVersion "1"]
[SourceVersionDate "2007.11.25"]
[SourceQuality "1"]

1. d4 Nf6 2. c4 g6 3. Nc3 Bg7 4. e4 d6 5. f3 0-0 6. Be3 Nc6 7. Nge2 a6 8. Qd2 Rb8 9. h4 h5 10. 0-0-0 b5 11. Nf4 b4 12. Ncd5 e5 13. dxe5 dxe5 14. Nxf6+ Bxf6 15. Qxd8 Bxd8 16. Nd5 Be6 17. g3 a5 18. b3 Ra8 19. Bc5 Re8 20. Rh2 Nb8 21. Bh3 Nd7 22. Bxe6 Nxc5 23. Bh3 c6 24. Ne3 Bb6 25. Nc2 Red8 26. Rhd2 Rxd2 27. Rxd2 Rd8 28. Rxd8+ Bxd8 29. Kd2 Kf8 30. Bg2 Ke7 31. f4 exf4 32. gxf4 Kd7 33. Nd4 Ne6 34. Bh3 Bxh4 35. f5 Bg5+ 36. Kd3 gxf5 37. Nxe6 Kxe6 38. Bxf5+ Ke5 39. Kc2 c5 40. Kd3 Kf4 41. Bh3 f6 42. Bg2 Kg3 43. Bf1 h4 44. e5 fxe5 45. Ke4 h3 46. Bxh3 Kxh3 47. Kxe5 Be3 48. Kd5 Kg4 0-1

[Event "HUN-ch U16"]
[Site "Miskolc"]
[Date "2004.07.12"]
[Round "8"]
[White "Marko, Arpad"]
[Black "Radnai, Tamas"]
[Result "0-1"]
[WhiteElo "2126"]
[BlackElo "2066"]
[PlyCount "74"]
[EventDate "2004.07.05"]
[EventType "swiss"]
[EventRounds "9"]
[EventCountry "HUN"]
[SourceTitle "EXT 2008"]
[Source "ChessBase"]
[SourceDate "2007.11.25"]
[SourceVersion "1"]
[SourceVersionDate "2007.11.25"]
[SourceQuality "1"]

1. e4 e6 2. Qe2 c6 3. Nf3 d5 4. exd5 cxd5 5. d4 Nf6 6. c3 Be7 7. Qc2 0-0 8. Bf4 Nc6 9. Bd3 h6 10. Nbd2 Bd7 11. 0-0 Rc8 12. Qb1 a6 13. h3 b5 14. a3 Na5 15. b4 Nc4 16. Bxc4 dxc4 17. Ne5 Nd5 18. Be3 Nxc3 19. Qc2 Nd5 20. Ne4 Qc7 21. Nc5 Bxc5 22. Nxd7 Bxd4 23. Nxf8 Bxa1 24. Nxe6 fxe6 25. Rxa1 Nxe3 26. fxe3 Qe5 27. Re1 Rd8 28. a4 Rd3 29. axb5 Rxe3 30. Rf1 axb5 31. Qf2 Qg3 32. Qf8+ Kh7 33. Qe8 Re2 34. Qc6 c3 35. Rf3 Re1+ 36. Rf1 Qe3+ 37. Kh2 Rxf1 0-1

[Event "HUN-ch U16"]
[Site "Miskolc"]
[Date "2004.07.11"]
[Round "7"]
[White "Radnai, Tamas"]
[Black "Toth, David Jozsef"]
[Result "1/2-1/2"]
[WhiteElo "2066"]
[BlackElo "1827"]
[PlyCount "83"]
[EventDate "2004.07.05"]
[EventType "swiss"]
[EventRounds "9"]
[EventCountry "HUN"]
[SourceTitle "EXT 2008"]
[Source "ChessBase"]
[SourceDate "2007.11.25"]
[SourceVersion "1"]
[SourceVersionDate "2007.11.25"]
[SourceQuality "1"]

1. d4 Nf6 2. c4 e6 3. Nf3 b6 4. g3 Bb7 5. Bg2 Be7 6. 0-0 0-0 7. Nc3 d5 8. b3 Nbd7 9. Bb2 c5 10. cxd5 Nxd5 11. Nxd5 Bxd5 12. Rc1 Nf6 13. Re1 Rc8 14. Qd3 Rc7 15. e4 Bb7 16. e5 Nd5 17. Ba3 Nb4 18. Bxb4 cxb4 19. Rxc7 Qxc7 20. Nd2 Bxg2 21. Kxg2 Rd8 22. Nc4 b5 23. Ne3 Qxe5 24. Nc2 Qd5+ 25. Kg1 Rc8 26. Re5 Qd7 27. Ne3 Bf6 28. Rxb5 Qxd4 29. Qxd4 Bxd4 30. Rxb4 Bxe3 31. fxe3 g6 32. a3 Kg7 33. Rb7 Rc3 34. Kf2 a5 35. a4 Rc2+ 36. Kf3 Rxh2 37. Rb5 Rb2 38. Rxa5 Rxb3 39. Ra8 Ra3 40. a5 h5 41. a6 Ra4 42. a7 1/2-1/2

[Event "HUN-ch U16"]
[Site "Miskolc"]
[Date "2004.07.08"]
[Round "4"]
[White "Radnai, Tamas"]
[Black "Ladanyi, Zsolt"]
[Result "1-0"]
[WhiteElo "2066"]
[BlackElo "2151"]
[PlyCount "77"]
[EventDate "2004.07.05"]
[EventType "swiss"]
[EventRounds "9"]
[EventCountry "HUN"]
[SourceTitle "EXT 2008"]
[Source "ChessBase"]
[SourceDate "2007.11.25"]
[SourceVersion "1"]
[SourceVersionDate "2007.11.25"]
[SourceQuality "1"]

1. d4 Nf6 2. c4 g6 3. Nf3 Bg7 4. g3 0-0 5. Bg2 d5 6. 0-0 dxc4 7. Na3 Nc6 8. Nxc4 Be6 9. b3 a5 10. Bb2 Bd5 11. Re1 a4 12. Ncd2 Ne4 13. Ne5 a3 14. Nxc6 Bxc6 15. Nxe4 axb2 16. Rb1 Bxd4 17. a4 Bg7 18. Qc2 Qd4 19. Red1 Qb4 20. Nc5 Bxg2 21. Kxg2 Ra5 22. Nd3 Qg4 23. Qxc7 Rh5 24. Qxb7 Qh3+ 25. Kg1 Qxh2+ 26. Kf1 Qh1+ 27. Qxh1 Rxh1+ 28. Kg2 Rxd1 29. Rxd1 Rb8 30. b4 e5 31. e4 f5 32. f3 fxe4 33. fxe4 Bf8 34. b5 Ra8 35. Nxb2 Ba3 36. Nd3 Rxa4 37. Ra1 Ra5 38. b6 Rb5 39. Rxa3 1-0